| 000 | 01268nac a22003377a 4500 | ||
|---|---|---|---|
| 001 | BR8101119 | ||
| 003 | BR-BrBNA | ||
| 005 | 20240105114926.0 | ||
| 008 | 230509b bl.|||m| |||| 00| 0 por d | ||
| 040 |
_aBR-BrBNA _bpor _cBiblioteca Nacional de Agricultura |
||
| 072 | _aH10 | ||
| 090 | _a1440 BR8101119 | ||
| 100 | 1 | _aMoraes, G.J. de | |
| 100 | 1 | _aOliveira, C.A.V. de | |
| 100 | 1 | _aAlbuquerque, M.M. de | |
| 100 | 1 | _aSalviano, L.M.C. | |
| 100 | 1 | _aPossidio, P.L. de | |
| 110 | 1 | _aCentro de Pesquisa Agropecuaria do Tropico Semi-Arido, Petrolina, PE (Brasil) | |
| 245 | 1 | _aEpoca oportuna para o controle da cigarrinha verde na cultura do feijao-de-corda [Vigna unguiculata; Empoasca kraemeri; Pernambuco; Brasil] | |
| 246 | 1 | _a[Favourable time for controlling green hopper in cowpea [Vigna unguiculata; Empoasca kraemeri; Pernambuco; Brazil]] | |
| 260 | 3 |
_aPetrolina, PE (Brasil): _c1980. |
|
| 300 | _a2 p. | ||
| 490 |
_aComunicado Tecnico - Centro de Pesquisa Agropecuaria do Tropico Semi-Arido (Brazil) _vno. 1 _x |
||
| 650 | _aPraga de planta | ||
| 650 | _aFeijao de corda | ||
| 650 | _aCigarrinha verde | ||
| 650 | _aControle quimico | ||
| 650 | _aPernambuco | ||
| 909 |
_a202312 _bLúcia Elande _c55 _dLúcia Elande |
||
| 942 |
_2AGRIS _n0 _cMS |
||
| 999 |
_c272081 _d272081 |
||